UBT Library

ORACLE ENTERPRISE MANAGER 10G GRID CONTROL IMPLEMENTATION GUIDE (Record no. 22652)

000 -LEADER
fixed length control field 00330nam a22001337a 4500
008 - FIXED-LENGTH DATA ELEMENTS--GENERAL INFORMATION
fixed length control field 170803b xxu||||| |||| 00| 0 eng d
020 ## - INTERNATIONAL STANDARD BOOK NUMBER
International Standard Book Number 9780071492751
041 ## - LANGUAGE CODE
Language code of text/sound track or separate title eng
080 ## - UNIVERSAL DECIMAL CLASSIFICATION NUMBER
Universal Decimal Classification number 004
100 ## - Rafti
Rafti 32
101 ## - Shkurtesa
Shkurtesa SHKI
245 ## - TITLE STATEMENT
Title ORACLE ENTERPRISE MANAGER 10G GRID CONTROL IMPLEMENTATION GUIDE
Statement of responsibility, etc NEW, M
942 ## - ADDED ENTRY ELEMENTS (KOHA)
Source of classification or shelving scheme
Item type Books
Holdings
Withdrawn status Lost status Source of classification or shelving scheme Damaged status Not for loan Collection code Permanent location Current location Shelving location Date acquired Total Checkouts Full call number Barcode Date last seen Price effective from Koha item type
          Koleksioni i përgjithshem UBT - Lipjan UBT - Lipjan Koleksioni i përgjithshem 08/03/2017   004 NEW 002-2913017 08/03/2017 08/03/2017 Books
          Koleksioni i përgjithshem UBT - Lipjan UBT - Lipjan Koleksioni i përgjithshem 08/03/2017   004 NEW 002-2913012 08/03/2017 08/03/2017 Books
          Koleksioni i përgjithshem UBT - Lipjan UBT - Lipjan Koleksioni i përgjithshem 08/03/2017   004 NEW 002-2913007 08/03/2017 08/03/2017 Books
          Koleksioni i përgjithshem UBT - Lipjan UBT - Lipjan Koleksioni i përgjithshem 08/03/2017   004 NEW 002-2913002 08/03/2017 08/03/2017 Books
          Koleksioni i përgjithshem UBT - Lipjan UBT - Lipjan Koleksioni i përgjithshem 08/03/2017   004 NEW 002-2913014 08/03/2017 08/03/2017 Books
          Koleksioni i përgjithshem UBT - Lipjan UBT - Lipjan Koleksioni i përgjithshem 08/03/2017   004 NEW 002-2913009 08/03/2017 08/03/2017 Books
          Koleksioni i përgjithshem UBT - Lipjan UBT - Lipjan Koleksioni i përgjithshem 08/03/2017   004 NEW 002-2913004 08/03/2017 08/03/2017 Books
UBT Library © 2015-2024. All rights reserved University Education for Business and Technology